Úloha marketingového manažmentu pri výchove spotrebiteľa dizertačná práca

Uložené v:
Podrobná bibliografia
Hlavný autor: Lattová, Barbora
Korporativný autor: Obchodná fakulta EU. Katedra marketingu
Ďalší autori: Dzurová, Mária
Médium: Kniha
Jazyk:Slovak
Vydavateľské údaje: Bratislava 2014
Predmet:
Tagy: Pridať tag
Žiadne tagy, Buďte prvý, kto otaguje tento záznam!

MARC

LEADER 00000nbm a2200000 4500
001 0185921
005 20240502073200.8
041 0 |a slo 
044 |a SK 
245 1 0 |a Úloha marketingového manažmentu pri výchove spotrebiteľa  |b dizertačná práca  |c Barbora Lattová ; školiteľ: Mária Dzurová 
264 1 |a Bratislava  |c 2014 
300 |a 156 s. 
610 2 0 |a marketing manažment 
610 2 0 |a spotrebitelia 
610 2 0 |a správanie spotrebiteľa 
610 2 0 |a politika spotrebiteľská 
100 1 |a Lattová, Barbora 
700 1 |a Dzurová, Mária 
710 2 |a Obchodná fakulta EU. Katedra marketingu